000 00311nam a22001337a 4500
008 170614b xxu||||| |||| 00| 0 eng d
020 _a9781588263926
041 _aeng
080 _a321
100 _a19
101 _aSHP
245 _aINTERNATIONAL ORGANIZATIONS DEMOCRACY
_cZWEIFEL.TH.D
942 _2udc
_cBK
999 _c17259
_d17259